| 000 | 01036nam a2200217 a 4500 | ||
|---|---|---|---|
| 001 | 20533 | ||
| 003 | CO-ViMGA | ||
| 008 | 141112s2004 ck r 000 u spa d | ||
| 020 | _a9500618052 | ||
| 040 |
_aCO-ViMGA _bspa _cCO-ViMGA |
||
| 082 | 0 | 4 | _a616.855 Q834f |
| 100 | 1 |
_aQueiroz Marchesan, Irene _929697 |
|
| 245 | 1 | 0 |
_aFundamentos de Fonoaudiología : _bAspectos clínicos de la motricidad oral |
| 260 |
_aBuenos Aires : _bMedica panAméricana, _c2002 |
||
| 300 | _a126p | ||
| 505 | _aEstimulación de la succión para el recien nacido de alto riesgo 7 - - Evaluación y terapia de los problemas de respiración 25 - - Deglución - diagnóstico y posibilidades terapeuticas 57 - - Fisuras, esvaluación y terapia 85 - - Disfagia - Evaluacción y terapia Familia y fonoaudiología 113 | ||
| 590 | _aForma de adquisición : Compra fact.0533 - - Precio : 42000 - - Proveedor : Temas y libros - - Fecha de adquisición : Abril 2006 | ||
| 650 | 1 | 4 |
_aFONOAUDIOLOGIA _927235 |
| 650 | 1 | 4 |
_aTERAPIA DEL LENGUAJE _952863 |
| 942 |
_2ddc _cBK |
||
| 999 |
_c29527 _d29527 |
||